000 00523nam a2200217Ia 4500
003 OSt
005 20220924152638.0
006 a|||||r|||| 00| 0
007 ta
008 220923b |||||||| |||| 00| 0 urd d
024 _a343600
037 _cTextual
040 _aARTS
_cARTS
_burd
041 _2urd
_aurd
082 _aO168,1L97:g, K0
245 0 _aAitmadia
_b bayad-e-Ghalib
260 _c1960
650 _aURDU POETRY
942 _hO168,1L97:g, K0
_cTEXL
_2CC
999 _c470560
_d470560